Business vocabulary in use : (Record no. 803)

MARC details
000 -LEADER
fixed length control field 00660nam a22002177a 4500
003 - CONTROL NUMBER IDENTIFIER
control field OSt
005 - DATE AND TIME OF LATEST TRANSACTION
control field 20250417104040.0
008 - FIXED-LENGTH DATA ELEMENTS--GENERAL INFORMATION
fixed length control field 220317b ||||| |||| 00| 0 eng d
020 ## - INTERNATIONAL STANDARD BOOK NUMBER
International Standard Book Number 9781316629987
040 ## - CATALOGING SOURCE
Transcribing agency KCST
082 ## - DEWEY DECIMAL CLASSIFICATION NUMBER
Classification number 428.2402465
Item number Ma Bu
100 ## - MAIN ENTRY--PERSONAL NAME
Personal name Mascull, Bill
9 (RLIN) 5671
245 ## - TITLE STATEMENT
Title Business vocabulary in use :
Remainder of title Intermediate : self-study and classroom use : [with answers] /
Statement of responsibility, etc. Bill Mascull
250 ## - EDITION STATEMENT
Edition statement 3rd
260 ## - PUBLICATION, DISTRIBUTION, ETC.
Place of publication, distribution, etc. Cambridge :
Name of publisher, distributor, etc. Cambridge University Press;
Date of publication, distribution, etc. 2017.
300 ## - PHYSICAL DESCRIPTION
Extent 176 p.
650 ## - SUBJECT ADDED ENTRY--TOPICAL TERM
Topical term or geographic name entry element English (language)
9 (RLIN) 2090
650 ## - SUBJECT ADDED ENTRY--TOPICAL TERM
Topical term or geographic name entry element Vocabulary.
9 (RLIN) 5672
650 ## - SUBJECT ADDED ENTRY--TOPICAL TERM
Topical term or geographic name entry element English language
Form subdivision Business English
9 (RLIN) 5565
942 ## - ADDED ENTRY ELEMENTS (KOHA)
Source of classification or shelving scheme Dewey Decimal Classification
Koha item type Book
Holdings
Withdrawn status Lost status Source of classification or shelving scheme Damaged status Not for loan Home library Current library Date acquired Cost, normal purchase price Total checkouts Full call number Barcode Date last seen Date last checked out Cost, replacement price Price effective from Koha item type
    Dewey Decimal Classification     KCST Library KCST Library 17/03/2022 6.10 1 428.2402465 Ma Bu 1000001047 19/10/2025 29/04/2025 6.10 17/03/2022 Book
    Dewey Decimal Classification     KCST Library KCST Library 17/03/2022 6.10   428.2402465 Ma Bu 1000001048 17/03/2022   6.10 17/03/2022 Book
    Dewey Decimal Classification     KCST Library KCST Library 17/03/2022 6.10   428.2402465 Ma Bu 1000001049 17/03/2022   6.10 17/03/2022 Book
© 2025 KCST. All rights reserved